000 00575nam a2200193Ia 4500
003 GCL
008 140319s9999 xx 000 0 ara d
040 _aGCL /
_cGCL
082 0 4 _a247.3
_bدا
100 1 _aدومنيك سورديل
245 1 0 _aالاسلام فى القرون الوسطى /
_cدومنيك سورديل
700 1 _aعلى مقلد
260 _a[S.N] :
_bدار التنوير للطباعة والنشر ،
_c1983
300 _a217 ص
490 _a
650 0 4 _aالاسلام
650 0 4 _aالدعوة الاسلامية
942 _2ddc
_cBK
999 _c53190
_d53190